000 00376cam a2200145ua 4500
041 _aeng
_h
082 _a954.02
_bWOO/ME
100 _aWoodruff, Philip .
245 _aMen who Ruled India the Foundery vol.1 /
_cPhilip Woodruff.
_hTextual Documents
260 _aLondon :
_bJanatha Cape ,
_c1965.
300 _a403 ; .
504 _a
942 _cBK
999 _c3094
_d3094